[Event "4th Mediterreanean Men & Women Champions"]
[Site "Cannes"]
[Date "2007.02.18"]
[Round "1.1"]
[White "Peric, Slavisa"]
[Black "Gurevich, Mikhail"]
[Result "1/2-1/2"]
[WhiteElo "2306"]
[BlackElo "2635"]
[PlyCount "147"]
[EventDate "2007.??.??"]

1. d4 d6 2. Nf3 g6 3. g3 Bg7 4. Bg2 f5 5. Nc3 Nf6 6. Qd3 O-O 7. O-O d5 8. Bf4
c6 9. Be5 Nbd7 10. e3 a5 11. Ne2 Nxe5 12. Nxe5 Ng4 13. Nf3 e5 14. dxe5 Nxe5 15.
Nxe5 Bxe5 16. c4 dxc4 17. Qxc4+ Kh8 18. Nd4 Qe7 19. Rac1 Qb4 20. b3 Bd7 21.
Rfd1 Rfd8 22. Bf1 Qe7 23. Qc2 Be8 24. Nf3 Bf6 25. h4 Kg7 26. Ne1 Rxd1 27. Rxd1
Rd8 28. Rxd8 Qxd8 29. Nd3 Qd6 30. Bg2 Bf7 31. e4 fxe4 32. Bxe4 Bd4 33. Nf4 Qb4
34. Kg2 Be5 35. Nh3 Qc3 36. Ng5 Qxc2 37. Bxc2 Be8 38. f4 Bb2 39. h5 gxh5 40.
Nxh7 Bd7 41. Ng5 Bf6 42. Nf3 Kf7 43. Kf2 Be8 44. Bf5 Bb2 45. g4 Kf6 46. Bc8
hxg4 47. Bxg4 Bc1 48. Bc8 b6 49. Ne5 Bxf4 50. Nd7+ Kf5 51. Nxb6+ Ke4 52. Nc4
Bc7 53. Ke2 Kd4 54. Bf5 Kc3 55. Kd1 a4 56. Kc1 axb3 57. axb3 Kxb3 58. Nd2+ Kc3
59. Ne4+ Kd4 60. Kc2 Bf4 61. Nd2 Kc5 62. Nb3+ Kd5 63. Kd3 Bc7 64. Be4+ Ke5 65.
Nd2 Kd6 66. Nc4+ Kc5 67. Nd2 Bf7 68. Bf5 Kb5 69. Be4 Be5 70. Bf5 Kb4 71. Be4 c5
72. Kc2 Be8 73. Bf5 Bb5 74. Be4 {nulle en 103 coups} 1/2-1/2

[Event "4th Mediterreanean Men & Women Champions"]
[Site "Cannes"]
[Date "2007.02.18"]
[Round "1.2"]
[White "Atalik, Suat"]
[Black "Khairallah, Faisal"]
[Result "1-0"]
[WhiteElo "2586"]
[BlackElo "2293"]
[PlyCount "109"]
[EventDate "2007.??.??"]

1. d4 d5 2. c4 c6 3. Nf3 Nf6 4. e3 a6 5. Nbd2 Bf5 6. b4 Nbd7 7. Nh4 Bg4 8. f3
Bh5 9. g4 Bg6 10. g5 Ng8 11. f4 e6 12. Nxg6 hxg6 13. c5 b6 14. Nf3 Ne7 15. Bd2
b5 16. Bd3 Nf5 17. Kf2 Be7 18. Qg1 Qb8 19. a4 Bd8 20. h4 Bc7 21. Qg4 Rh5 22.
Ra3 Qb7 23. Rha1 Rh8 24. axb5 cxb5 25. Qg1 Ke7 26. Bxf5 gxf5 27. Qb1 g6 28. Qa2
Nb8 29. Be1 Qc6 30. Kg2 Ra7 31. Ng1 Rh7 32. Ne2 Qe8 33. Nc3 Qc6 34. Qe2 Rb7 35.
Bf2 Rh5 36. Qf3 f6 37. Ne2 fxg5 38. fxg5 Kf7 39. Bg3 Bxg3 40. Qxg3 Qc7 41. Nf4
Rh8 42. h5 Rxh5 43. Nxh5 gxh5 44. Rxa6 Qxg3+ 45. Kxg3 Nxa6 46. Rxa6 Re7 47. Kh4
Kg6 48. Ra8 e5 49. Ra6+ Kg7 50. dxe5 Rxe5 51. Kxh5 Rxe3 52. Ra7+ Kf8 53. c6 Re8
54. Rh7 Kg8 {1-0 Solic,K-Georgiadis,I/Cannes 2007 (55)} 55. Rd7 1-0

[Event "4th Mediterreanean Men & Women Champions"]
[Site "Cannes"]
[Date "2007.02.18"]
[Round "1.3"]
[White "Titova-Boric, Elena"]
[Black "Apicella, Manuel"]
[Result "0-1"]
[WhiteElo "2281"]
[BlackElo "2534"]
[PlyCount "50"]
[EventDate "2007.??.??"]

1. e4 e6 2. Qe2 Nc6 3. Nf3 e5 4. g3 Nf6 5. Bg2 Bc5 6. O-O O-O 7. d3 d5 8. c3
dxe4 9. dxe4 a5 10. Nbd2 b6 11. a4 Ba6 12. Nc4 Qe7 13. Bg5 Qe6 14. b3 Ne8 15.
Rfd1 Nd6 16. Bf1 Qg4 17. Be3 Nxe4 18. Bxc5 Nxc5 19. Qe3 f6 20. h3 Qe6 21. b4
axb4 22. cxb4 Nxb4 23. Qc3 Nbd3 24. Rxd3 Bxc4 25. Rd6 cxd6 0-1

[Event "4th Mediterreanean Men & Women Champions"]
[Site "Cannes"]
[Date "2007.02.18"]
[Round "1.4"]
[White "Djukic, Nikola"]
[Black "Cabrera Trujillo, Jorge"]
[Result "1-0"]
[WhiteElo "2527"]
[BlackElo "2279"]
[PlyCount "105"]
[EventDate "2007.??.??"]

1. e4 c5 2. Nf3 d6 3. d4 cxd4 4. Nxd4 Nf6 5. Nc3 a6 6. Be3 e5 7. Nb3 Be6 8. f3
Be7 9. Qd2 O-O 10. O-O-O Nbd7 11. g4 b5 12. g5 b4 13. Ne2 Ne8 14. f4 a5 15. f5
a4 16. fxe6 axb3 17. exf7+ Rxf7 18. Kb1 bxc2+ 19. Qxc2 Bxg5 20. Bxg5 Qxg5 21.
Ng3 Nb6 22. Rg1 Qe3 23. Bb5 Rf2 24. Qd3 Qxd3+ 25. Rxd3 Rxh2 26. Rb3 Nf6 27.
Rxb4 Rd8 28. Ba6 Nbd7 29. Nf5 g6 30. Bc4+ Kf8 31. Nxd6 Nc5 32. Nf7 Rd4 33. Nxe5
Rxe4 34. Nf3 Rf2 35. Ng5 Rd4 36. Rc1 Rf5 37. Rb8+ Ke7 38. Re1+ Kd7 39. Bb5+ Kc7
40. Rf8 Rxg5 41. Rxf6 Ne4 42. Rc6+ Kb7 43. a4 h5 44. Rec1 Nd2+ 45. Kc2 Ne4 46.
Kb3 Nd2+ 47. Ka3 Rg3+ 48. Ka2 Nb3 49. Rc7+ Kb6 50. R1c6+ Ka5 51. Ra7+ Kb4 52.
Be2 Rd2 53. Rc4# 1-0

[Event "4th Mediterreanean Men & Women Champions"]
[Site "Cannes"]
[Date "2007.02.18"]
[Round "1.5"]
[White "Van Hoolandt, Patrick"]
[Black "El Gindy, Essam"]
[Result "0-1"]
[WhiteElo "2257"]
[BlackElo "2523"]
[PlyCount "68"]
[EventDate "2007.??.??"]

1. d4 d5 2. c4 e6 3. Nf3 c5 4. cxd5 exd5 5. g3 Nc6 6. Nc3 Nf6 7. Bg2 Be7 8. O-O
O-O 9. dxc5 d4 10. Na4 Bf5 11. Bg5 h6 12. Bxf6 Bxf6 13. Ne1 Re8 14. Nd3 Be4 15.
Bxe4 Rxe4 16. b3 Ne7 17. Rc1 h5 18. c6 bxc6 19. Nac5 Rg4 20. h3 Rg6 21. Nf4 Rh6
22. Ne4 Be5 23. Nd3 Bc7 24. Rc4 Qd5 25. Ndc5 Nf5 26. Qd2 Re8 27. Qd3 Rg6 28.
Rd1 Qe5 29. Qf3 Nh4 30. Qd3 f5 31. Nd2 f4 32. Qxd4 Qxe2 33. Rdc1 Rxg3+ 34. Kh2
Rxh3+ 0-1

[Event "4th Mediterreanean Men & Women Champions"]
[Site "Cannes"]
[Date "2007.02.18"]
[Round "1.6"]
[White "Belkhodja, Slim"]
[Black "Drljevic, Ljilja"]
[Result "1-0"]
[WhiteElo "2487"]
[BlackElo "2243"]
[PlyCount "45"]
[EventDate "2007.??.??"]

1. e4 d6 2. d4 Nf6 3. Nc3 g6 4. Bg5 c6 5. Qd2 Qa5 6. Bd3 h6 7. Bxf6 exf6 8.
Nge2 Bg7 9. f4 f5 10. exf5 Bxf5 11. b4 Qxb4 12. Bxf5 gxf5 13. O-O Qc4 14. Rad1
Na6 15. Ng3 O-O-O 16. Nxf5 Bf6 17. Rfe1 d5 18. Ne3 Qb4 19. Ng4 Bh4 20. Re2 Nc7
21. Ne5 Rdf8 22. Qd3 Qd6 23. Qh3+ 1-0

[Event "4th Mediterreanean Men & Women Champions"]
[Site "Cannes"]
[Date "2007.02.18"]
[Round "1.7"]
[White "Garcia, Raul"]
[Black "Dembo, Yelena"]
[Result "0-1"]
[WhiteElo "2233"]
[BlackElo "2469"]
[PlyCount "112"]
[EventDate "2007.??.??"]

1. d4 Nf6 2. Nf3 g6 3. g3 Bg7 4. Bg2 O-O 5. O-O d6 6. a4 Na6 7. Nbd2 c5 8. c3
d5 9. Re1 cxd4 10. Nxd4 e5 11. N4f3 e4 12. Nd4 e3 13. fxe3 Qe7 14. Nf1 Ne4 15.
Qc2 Re8 16. Nd2 Ng5 17. e4 dxe4 18. Nf1 Nh3+ 19. Kh1 Nc7 20. Ne3 Nf2+ 21. Kg1
Ng4 22. Nxg4 Bxg4 23. e3 h5 24. Rf1 Nd5 25. Bd2 h4 26. c4 Nf6 27. gxh4 Nh5 28.
Bc3 Qxh4 29. Qf2 Qxf2+ 30. Rxf2 Bh6 31. Re1 a6 32. Bf1 Bd7 33. b3 Rac8 34. Bb2
Rc5 35. Nc2 Rg5+ 36. Rg2 Rxg2+ 37. Bxg2 f5 38. Nb4 Be6 39. Kf2 Rd8 40. Bd4 Bf8
41. Nc2 Bd6 42. Kg1 Be7 43. Bf1 Rc8 44. Bb2 Rd8 45. Nd4 Bf7 46. Bg2 Bc5 47. Bc3
f4 48. b4 Ba7 49. Bxe4 Bxc4 50. Bxg6 Nf6 51. Nf5 Ng4 52. Bd4 f3 53. Nh6+ Nxh6
54. Bxa7 Rd2 55. e4 Rg2+ 56. Kh1 Rxg6 0-1

[Event "4th Mediterreanean Men & Women Champions"]
[Site "Cannes"]
[Date "2007.02.18"]
[Round "1.8"]
[White "Saric, Ivan"]
[Black "Gutierrez Castillo, Paloma"]
[Result "1-0"]
[WhiteElo "2469"]
[BlackElo "2192"]
[PlyCount "79"]
[EventDate "2007.??.??"]

1. e4 e5 2. Nf3 Nc6 3. Bc4 Bc5 4. c3 Nf6 5. d3 d6 6. O-O O-O 7. h3 Kh8 8. Re1
Ng8 9. d4 exd4 10. cxd4 Bb6 11. Nc3 h6 12. Bf4 Nge7 13. Qd2 Kh7 14. d5 Nb8 15.
e5 Bf5 16. exd6 cxd6 17. Nb5 Nc8 18. Bd3 Bg6 19. Bxg6+ fxg6 20. Re6 Rf6 21.
Rae1 Na6 22. Bg5 Rxe6 23. Bxd8 Rxe1+ 24. Qxe1 Bxd8 25. h4 Bf6 26. h5 gxh5 27.
Qe4+ Kh8 28. Qe8+ Kh7 29. Nxd6 Nb6 30. Qe4+ Kh8 31. Qg6 Nxd5 32. Nf7+ Kg8 33.
Nxh6+ Kh8 34. Nf7+ Kg8 35. N3g5 Bxg5 36. Nxg5 Nf6 37. Qf7+ Kh8 38. Ne6 Rg8 39.
g4 hxg4 40. Qxb7 1-0

[Event "4th Mediterreanean Men & Women Champions"]
[Site "Cannes"]
[Date "2007.02.18"]
[Round "1.9"]
[White "Mehaibia, Azzedine"]
[Black "Bogut, Zeljko"]
[Result "1/2-1/2"]
[WhiteElo "2190"]
[BlackElo "2437"]
[PlyCount "82"]
[EventDate "2007.??.??"]

1. e4 c5 2. Nf3 Nc6 3. d4 cxd4 4. Nxd4 e5 5. Nb5 d6 6. N1c3 a6 7. Na3 b5 8. Nd5
Nf6 9. Bg5 Be7 10. Bxf6 Bxf6 11. c3 O-O 12. Nc2 Bg5 13. Nce3 Bxe3 14. Nxe3 Ne7
15. Bd3 Bb7 16. Qh5 g6 17. Qh6 f5 18. exf5 gxf5 19. O-O-O Kh8 20. Bc2 d5 21. g4
d4 22. Nxf5 Nxf5 23. Bxf5 Rxf5 24. gxf5 Bxh1 25. Rxh1 dxc3 26. bxc3 Qf8 27. Qg5
Rc8 28. Rd1 Rxc3+ 29. Kb1 h6 30. Qg6 Rf3 31. Ka1 Rxf2 32. Qb6 Rxf5 33. Rd8 Rf1+
34. Kb2 Rf2+ 35. Kc1 Rf1+ 36. Kd2 Rf2+ 37. Ke3 Rf3+ 38. Ke4 Rf4+ 39. Kxe5 Rf5+
40. Ke4 Rf4+ 41. Ke3 Rf3+ 1/2-1/2

[Event "4th Mediterreanean Men & Women Champions"]
[Site "Cannes"]
[Date "2007.02.18"]
[Round "1.10"]
[White "Collas, Silvia"]
[Black "Lebel, Patrick"]
[Result "1-0"]
[WhiteElo "2389"]
[BlackElo "2165"]
[PlyCount "39"]
[EventDate "2007.??.??"]

1. d4 Nf6 2. Nf3 e6 3. e3 b6 4. Bd3 Bb7 5. Nbd2 c5 6. O-O Nc6 7. a3 Be7 8. Re1
O-O 9. b3 Qc7 10. Bb2 Rac8 11. Nf1 cxd4 12. exd4 Nd5 13. c4 Nf4 14. d5 Nxd3 15.
Qxd3 Nd8 16. Ng3 d6 17. Nh5 e5 18. Nxe5 dxe5 19. Bxe5 Bd6 20. Nf6+ 1-0

[Event "4th Mediterreanean Men & Women Champions"]
[Site "Cannes"]
[Date "2007.02.18"]
[Round "1.11"]
[White "Solic, Kristina"]
[Black "Georgiadis, Ioannis"]
[Result "0-1"]
[WhiteElo "2155"]
[BlackElo "2388"]
[PlyCount "82"]
[EventDate "2007.??.??"]

1. e4 c5 2. Nf3 d6 3. d4 cxd4 4. Nxd4 Nf6 5. f3 e5 6. Nb3 a5 7. c4 Nxe4 8. Be3
Nf6 9. Nc3 a4 10. Nd2 a3 11. b3 Nc6 12. Be2 d5 13. cxd5 Nxd5 14. Nxd5 Qxd5 15.
O-O Bc5 16. Bxc5 Qxc5+ 17. Kh1 O-O 18. Rc1 Qe7 19. Bd3 Rd8 20. Bb1 Qd6 21. Nc4
Qxd1 22. Rfxd1 Rxd1+ 23. Rxd1 Be6 24. Be4 f6 25. Kg1 Nb4 26. Rd2 Bxc4 27. bxc4
Rc8 28. Bxb7 Rxc4 29. Kf2 Kf8 30. Ke2 Ke7 31. Be4 g6 32. Bb1 Rd4 33. Rd1 Kd6
34. Rc1 Nd5 35. Be4 Nf4+ 36. Kf1 f5 37. Bc2 Rd2 38. Rd1 Rxd1+ 39. Bxd1 Kc5 40.
Bb3 Kd4 41. g3 Nd3 0-1

[Event "4th Mediterreanean Men & Women Champions"]
[Site "Cannes"]
[Date "2007.02.18"]
[Round "1.12"]
[White "Nikac, Predrag"]
[Black "Pace, Colin"]
[Result "1/2-1/2"]
[WhiteElo "2383"]
[BlackElo "2147"]
[PlyCount "79"]
[EventDate "2007.??.??"]

1. e4 c5 2. Nf3 g6 3. c3 Bg7 4. d4 cxd4 5. cxd4 d5 6. e5 Bg4 7. Bb5+ Nc6 8. O-O
Nh6 9. Nbd2 Rc8 10. Nb3 O-O 11. h3 Bxf3 12. Qxf3 e6 13. Bd2 Qb6 14. Qd3 Nf5 15.
Bxc6 Rxc6 16. g4 Ne7 17. f4 Rfc8 18. Rf2 Qd8 19. Raf1 b6 20. Bb4 a5 21. Bxe7
Qxe7 22. Nd2 Rc2 23. f5 exf5 24. gxf5 gxf5 25. Rg2 Kh8 26. Rxf5 Bh6 27. Rf6
Bxd2 28. Rxd2 Rg8+ 29. Kf2 Rxd2+ 30. Qxd2 Rg6 31. Qf4 Kg7 32. Rf5 Qc7 33. Kf3
Qe7 34. h4 Rg1 35. Kf2 Rb1 36. Rg5+ Kf8 37. b3 Qa3 38. Rg8+ Kxg8 39. Qg5+ Kf8
40. Qd8+ 1/2-1/2

[Event "4th Mediterreanean Men & Women Champions"]
[Site "Cannes"]
[Date "2007.02.18"]
[Round "1.14"]
[White "Piscopo, Pierluigi"]
[Black "Borg, Andrew"]
[Result "1/2-1/2"]
[WhiteElo "2380"]
[BlackElo "2105"]
[PlyCount "102"]
[EventDate "2007.??.??"]

1. e4 c6 2. d4 d5 3. e5 Bf5 4. Bd3 Bxd3 5. Qxd3 e6 6. Nc3 c5 7. Nce2 Nc6 8. Nf3
cxd4 9. Nexd4 Bc5 10. Nxc6 bxc6 11. Qc3 Qb6 12. O-O Qb4 13. Qxb4 Bxb4 14. Be3
Nh6 15. Nd4 Kd7 16. h3 Nf5 17. Nxf5 exf5 18. c4 Ke6 19. Rfd1 a6 20. cxd5+ cxd5
21. Rac1 Rac8 22. Bd4 Be7 23. Kf1 Bg5 24. Rc3 Rxc3 25. Bxc3 Rc8 26. Rd3 Rc4 27.
b3 Rc6 28. g3 h5 29. f4 Bd8 30. h4 Bb6 31. Ke2 Rc8 32. Kd2 Rc6 33. a3 Bf2 34.
Bd4 Bxd4 35. Rxd4 Rb6 36. Kc2 Rc6+ 37. Kb2 Rb6 38. Rd3 Rb5 39. Kc3 Rc5+ 40. Kb2
Rb5 41. Kc2 Rb6 42. Rc3 f6 43. exf6 Kxf6 44. Kd3 Ke6 45. Kd4 Kd6 46. b4 a5 47.
bxa5 Rb5 48. Rc8 Rxa5 49. Rd8+ Ke6 50. Re8+ Kd6 51. Rd8+ Ke6 1/2-1/2

[Event "4th Mediterreanean Men & Women Champions"]
[Site "Cannes"]
[Date "2007.02.18"]
[Round "1.15"]
[White "Lebel-Arias, Julia"]
[Black "Calzetta, Monica"]
[Result "1/2-1/2"]
[WhiteElo "1989"]
[BlackElo "2352"]
[PlyCount "77"]
[EventDate "2007.??.??"]

1. d4 c5 2. e3 g6 3. c3 Nf6 4. Bd3 b6 5. f4 Bg7 6. Nf3 O-O 7. O-O Ba6 8. Bxa6
Nxa6 9. Qe2 Qc8 10. Nbd2 Qb7 11. a4 Rac8 12. Ne5 d6 13. Nef3 Rc7 14. e4 cxd4
15. Nxd4 Nc5 16. Nb5 Rd7 17. e5 dxe5 18. fxe5 Nd5 19. Ra3 Ne6 20. Nf3 Ndf4 21.
Bxf4 Nxf4 22. Qc4 Bh6 23. Nbd4 Rc8 24. Qb3 e6 25. a5 Rc5 26. axb6 axb6 27. Qc2
Rc8 28. Re1 Bf8 29. Rb3 Bc5 30. Qe4 Nd5 31. Kh1 Qa6 32. h4 Qa4 33. h5 Ne7 34.
hxg6 hxg6 35. Qh4 Rxd4 36. Nxd4 Qa2 37. Rb5 Nd5 38. Rxc5 bxc5 39. Nb5 {
suite illisible nulle en 123 coups} 1/2-1/2

[Event "4th Mediterreanean Men & Women Champions"]
[Site "Cannes"]
[Date "2007.02.18"]
[Round "2.1"]
[White "Dembo, Yelena"]
[Black "Atalik, Suat"]
[Result "1/2-1/2"]
[WhiteElo "2469"]
[BlackElo "2586"]
[PlyCount "55"]
[EventDate "2007.??.??"]

1. e4 c5 2. Nf3 d6 3. d4 cxd4 4. Nxd4 Nf6 5. Nc3 Nc6 6. Bg5 e6 7. Qd2 a6 8.
O-O-O Bd7 9. f4 b5 10. Bxf6 gxf6 11. Kb1 Qb6 12. Nxc6 Bxc6 13. f5 b4 14. Ne2 e5
15. Ng3 h5 16. h4 Bh6 17. Qxd6 Rd8 18. Qxd8+ Qxd8 19. Rxd8+ Kxd8 20. Nxh5 Ke7
21. Bd3 a5 22. g4 Be3 23. Rh3 Bd4 24. Rh2 Be3 25. Re2 Bh6 26. Rg2 Be3 27. Re2
Bh6 28. Rg2 1/2-1/2

[Event "4th Mediterreanean Men & Women Champions"]
[Site "Cannes"]
[Date "2007.02.18"]
[Round "2.2"]
[White "Apicella, Manuel"]
[Black "Saric, Ivan"]
[Result "1/2-1/2"]
[WhiteElo "2534"]
[BlackElo "2469"]
[PlyCount "94"]
[EventDate "2007.??.??"]

1. e4 c5 2. Nf3 Nc6 3. d4 cxd4 4. Nxd4 Nf6 5. Nc3 e5 6. Ndb5 d6 7. Nd5 Nxd5 8.
exd5 Nb8 9. c4 Be7 10. Be2 a6 11. Nc3 O-O 12. O-O f5 13. f4 Nd7 14. Kh1 Bf6 15.
Qc2 exf4 16. Bxf4 Be5 17. Rad1 Bxf4 18. Rxf4 Ne5 19. b4 a5 20. a3 axb4 21. axb4
Bd7 22. c5 dxc5 23. bxc5 Qa5 24. c6 bxc6 25. Ra4 Qc5 26. Qa2 Rxa4 27. Nxa4 Qe7
28. d6+ Qf7 29. Qb2 Ng4 30. Qd4 Be6 31. Nc5 Bd5 32. Bxg4 fxg4 33. d7 Qe7 34.
Kg1 Qe2 35. Qd2 Qe7 36. Rc1 h5 37. Qe1 Qf6 38. Rd1 h4 39. Qe3 h3 40. g3 Qb2 41.
Qd2 Qa3 42. Ne6 Qf3 43. Nxf8 Qh1+ 44. Kf2 Qg2+ 45. Ke3 Qe4+ 46. Kf2 Qg2+ 47.
Ke3 Qe4+ 1/2-1/2

[Event "4th Mediterreanean Men & Women Champions"]
[Site "Cannes"]
[Date "2007.02.18"]
[Round "2.3"]
[White "Georgiadis, Ioannis"]
[Black "Djukic, Nikola"]
[Result "1/2-1/2"]
[WhiteElo "2392"]
[BlackElo "2527"]
[PlyCount "88"]
[EventDate "2007.??.??"]

1. e4 c5 2. Nf3 Nc6 3. d4 cxd4 4. Nxd4 Nf6 5. Nc3 d6 6. Bg5 e6 7. Qd2 a6 8.
O-O-O h6 9. Nxc6 bxc6 10. Bf4 d5 11. Qe3 Qa5 12. Be2 dxe4 13. Qg3 Ra7 14. Be5
Rb7 15. Rd4 Nd7 16. Bd6 Qb6 17. Bxf8 Rxf8 18. Qxg7 Qxb2+ 19. Kd2 c5 20. Rxe4
Nb6 21. Rb1 Qa3 22. Bd3 Qa5 23. Ke2 c4 24. Bxc4 Na4 25. Nd5 Rxb1 26. Nf6+ Ke7
27. Nd5+ Ke8 28. Nf6+ Kd8 29. Qxf8+ Kc7 30. Ne8+ Kb6 31. Nd6 Nc3+ 32. Kf3 Qh5+
33. g4 Qh3+ 34. Kf4 Qxh2+ 35. Kf3 Bd7 36. Qb8+ Kc6 37. Bb3 Qh3+ 38. Kf4 e5+ 39.
Kxe5 f6+ 40. Kd4 Rd1+ 41. Kc4 Rxd6 42. Qa8+ Kb6 43. Qb8+ Kc6 44. Qa8+ Kb6
1/2-1/2

[Event "4th Mediterreanean Men & Women Champions"]
[Site "Cannes"]
[Date "2007.02.18"]
[Round "2.4"]
[White "El Gindy, Essam"]
[Black "Collas, Silvia"]
[Result "0-1"]
[WhiteElo "2523"]
[BlackElo "2389"]
[PlyCount "84"]
[EventDate "2007.??.??"]

1. d4 Nf6 2. c4 e6 3. Nc3 Bb4 4. Qc2 c5 5. dxc5 O-O 6. a3 Bxc5 7. Nf3 b6 8. Bg5
h6 9. Bh4 Be7 10. e3 Bb7 11. Rd1 Ne8 12. Bg3 a6 13. Ne5 d6 14. Nf3 Nd7 15. Be2
Qc7 16. O-O Ndf6 17. Nd4 Rc8 18. Qb1 Qb8 19. Rfe1 Qa8 20. Na4 Bd8 21. f3 d5 22.
b3 Qa7 23. Bf1 Bc7 24. Bxc7 Rxc7 25. Kh1 Ba8 26. cxd5 Nxd5 27. e4 Ne7 28. b4
Nf6 29. Qb2 Nd7 30. Rd2 Rfc8 31. Red1 b5 32. Nxb5 axb5 33. Bxb5 Nc6 34. h3 Qb8
35. Ba6 Bb7 36. Rxd7 Bxa6 37. Nc5 Rxd7 38. Rxd7 Bb5 39. Rb7 Qd6 40. Rxb5 Qd1+
41. Kh2 Nd4 42. Rb7 Ne2 0-1

[Event "4th Mediterreanean Men & Women Champions"]
[Site "Cannes"]
[Date "2007.02.18"]
[Round "2.6"]
[White "Gurevich, Mikhail"]
[Black "Mehaibia, Azzedine"]
[Result "1-0"]
[WhiteElo "2635"]
[BlackElo "2190"]
[PlyCount "75"]
[EventDate "2007.??.??"]

1. c4 Nf6 2. Nc3 g6 3. g3 Bg7 4. Bg2 O-O 5. d3 d6 6. Bg5 h6 7. Bd2 c6 8. e4 Na6
9. Nge2 Ng4 10. O-O Ne5 11. Be3 Nb4 12. Nc1 c5 13. h3 Nbc6 14. f4 Nd7 15. N1e2
Nd4 16. Rb1 Nb8 17. b4 cxb4 18. Bxd4 Bxd4+ 19. Nxd4 bxc3 20. Qc2 Qa5 21. Rb5
Qa3 22. Qb3 Qa6 23. Qxc3 Nc6 24. Nxc6 bxc6 25. Rb2 Bd7 26. Rfb1 Rfd8 27. Kh2 c5
28. Bf3 Bc6 29. h4 Kh7 30. Bg4 Bd7 31. Be2 Bc6 32. h5 Rac8 33. hxg6+ fxg6 34.
Bg4 Bd7 35. Rb7 Qc6 36. Qa5 Bxg4 37. Rxe7+ Kg8 38. Qc3 1-0

[Event "4th Mediterreanean Men & Women Champions"]
[Site "Cannes"]
[Date "2007.02.18"]
[Round "2.7"]
[White "Bogut, Zeljko"]
[Black "Peric, Slavisa"]
[Result "1-0"]
[WhiteElo "2437"]
[BlackElo "2306"]
[PlyCount "97"]
[EventDate "2007.??.??"]

1. c4 e5 2. g3 Nf6 3. Bg2 Nc6 4. d3 Bb4+ 5. Nd2 a5 6. Ngf3 d6 7. O-O O-O 8. b3
h6 9. Bb2 Bc5 10. e3 Ba7 11. a3 Bf5 12. Qc2 Qd7 13. Bc3 Rfe8 14. b4 axb4 15.
axb4 Bb6 16. b5 Rxa1 17. Rxa1 Nd8 18. Ra8 Bh7 19. Ne1 c6 20. bxc6 bxc6 21. Qa4
Bf5 22. Qa6 Qc7 23. Nb3 Nd7 24. Ba5 Bxa5 25. Qxa5 Qxa5 26. Nxa5 Kf8 27. Nxc6
Ne6 28. Rxe8+ Kxe8 29. Kf1 Nec5 30. Ke2 e4 31. d4 Nb7 32. Kd2 Nb6 33. Kc3 d5
34. c5 Na8 35. Bf1 Nc7 36. Kb4 Bd7 37. Nb8 Bc8 38. Nc2 f5 39. c6 Nd6 40. Kc5
Ke7 41. Nb4 Be6 42. N8a6 Nde8 43. Nxc7 Nxc7 44. Na6 Ne8 45. Bb5 g5 46. c7 Nf6
47. Nb4 f4 48. Bc6 f3 49. Nxd5+ 1-0

[Event "4th Mediterreanean Men & Women Champions"]
[Site "Cannes"]
[Date "2007.02.18"]
[Round "2.8"]
[White "Borg, Andrew"]
[Black "Nikac, Predrag"]
[Result "1-0"]
[WhiteElo "2105"]
[BlackElo "2383"]
[PlyCount "94"]
[EventDate "2007.??.??"]

1. d4 f5 2. Nc3 d5 3. Bg5 g6 4. Nf3 c6 5. e3 Bg7 6. Be2 Nd7 7. Bf4 Ngf6 8. h3
Ne4 9. O-O O-O 10. Bh2 a5 11. Rb1 a4 12. Nxe4 fxe4 13. Nd2 e5 14. c3 Qg5 15.
Bg4 h5 16. Be6+ Kh7 17. Qe2 a3 18. f4 exf4 19. Bxf4 Qe7 20. Bxd7 Bxd7 21. b3
Rf5 22. b4 b6 23. Kh1 Raf8 24. Bh2 Bh6 25. Rxf5 Bxf5 26. Rf1 c5 27. bxc5 bxc5
28. Rb1 Rf7 29. Be5 c4 30. Nf1 Bc8 31. Kh2 Qf8 32. Bg3 Bg5 33. Kg1 Bd8 34. Rb5
Bb7 35. Bf4 Qe8 36. Rb1 Ba5 37. Qe1 Qe7 38. Rb5 Bd8 39. Qd1 Bc6 40. Rb1 Ba5 41.
Qe1 Rf8 42. Qg3 h4 43. Qe1 Rf5 44. Nh2 Ba4 45. Ng4 Bc2 46. Rb8 Bd3 47. Be5 Bd8
{temps 48.Cf6+ +-} 1-0

[Event "4th Mediterreanean Men & Women Champions"]
[Site "Cannes"]
[Date "2007.02.18"]
[Round "2.9"]
[White "Calistri, Tristan"]
[Black "Lebel-Arias, Julia"]
[Result "1-0"]
[WhiteElo "2381"]
[BlackElo "1989"]
[PlyCount "67"]
[EventDate "2007.??.??"]

1. e4 Nf6 2. e5 Nd5 3. d4 d6 4. Nf3 dxe5 5. Nxe5 c6 6. Be2 g6 7. O-O Bg7 8. c4
Nc7 9. Nc3 O-O 10. Be3 Nd7 11. Nf3 Nf6 12. h3 Ne6 13. Qb3 Qc7 14. Rfd1 Nf4 15.
Bf1 h6 16. d5 g5 17. Qa3 Bf5 18. Nd4 Bh7 19. g3 N4h5 20. dxc6 bxc6 21. Bg2 e5
22. Nxc6 e4 23. Nd5 Nxd5 24. cxd5 Nf6 25. Rac1 Qb7 26. Bd4 Kh8 27. Qc3 Ne8 28.
Bxg7+ Nxg7 29. Qf6 Rfe8 30. d6 Re6 31. Qd4 f6 32. d7 Rxc6 33. d8=Q+ Rxd8 34.
Qxd8+ 1-0

[Event "4th Mediterreanean Men & Women Champions"]
[Site "Cannes"]
[Date "2007.02.18"]
[Round "2.10"]
[White "Pace, Colin"]
[Black "Piscopo, Pierluigi"]
[Result "0-1"]
[WhiteElo "2147"]
[BlackElo "2380"]
[PlyCount "70"]
[EventDate "2007.??.??"]

1. e4 c5 2. Nf3 Nc6 3. d4 cxd4 4. Nxd4 Nf6 5. Nc3 e5 6. Ndb5 d6 7. Nd5 Nxd5 8.
exd5 Ne7 9. c4 Ng6 10. Bd3 Be7 11. O-O O-O 12. Kh1 f5 13. f3 Bd7 14. Nc3 Bg5
15. Ne2 Bxc1 16. Rxc1 b6 17. b4 Kh8 18. Bc2 a5 19. a3 axb4 20. axb4 Qg5 21. Qe1
Rfc8 22. Bb3 f4 23. Qf2 Nh4 24. Nc3 Ra3 25. Ne4 Qh6 26. Bd1 Nf5 27. Qxb6 Ng3+
28. Kg1 Nxf1 29. Kxf1 Qxh2 30. Nxd6 Re3 31. Be2 Qh1+ 32. Kf2 Qxc1 33. Nxc8
Rxe2+ 34. Kxe2 Qxc4+ 35. Kd2 Qxd5+ 0-1

[Event "4th Mediterreanean Men & Women Champions"]
[Site "Cannes"]
[Date "2007.02.19"]
[Round "2.13"]
[White "Gutierrez Castillo, Paloma"]
[Black "Titova-Boric, Elena"]
[Result "1-0"]
[WhiteElo "2192"]
[BlackElo "2281"]
[PlyCount "120"]
[EventDate "2007.??.??"]

1. e4 Nf6 2. e5 Nd5 3. c4 Nb6 4. d4 d6 5. exd6 cxd6 6. Nf3 g6 7. h3 Bg7 8. Be2
O-O 9. O-O Nc6 10. Nc3 Bf5 11. Be3 e5 12. d5 Nb4 13. Rc1 Na6 14. a3 h5 15. b4
Nc7 16. Qd2 Nc8 17. c5 dxc5 18. bxc5 e4 19. d6 Bxc3 20. Rxc3 exf3 21. Bxf3 Nb5
22. Rb3 Nbxd6 23. cxd6 Nxd6 24. Rd1 Ne4 25. Qb2 Qf6 26. Qxf6 Nxf6 27. Rxb7 Be4
28. Bxe4 Nxe4 29. Bxa7 Nc3 30. Rd3 Ne2+ 31. Kh2 Nf4 32. Rdb3 Ne6 33. Be3 Rfc8
34. Ra7 Rxa7 35. Bxa7 Rc2 36. a4 Ra2 37. Rb4 Kf8 38. Bb6 Ke7 39. a5 Kd6 40. Rc4
Kd7 41. Rc3 h4 42. g3 hxg3+ 43. Kxg3 Ng5 44. Kf4 Ne6+ 45. Ke5 Ke7 46. Kd5 Kd7
47. Kc4 Rb2 48. Ra3 Kc6 49. Be3 Nc7 50. a6 Na8 51. a7 Rc2+ 52. Kd3 Rb2 53. Ra6+
Kd7 54. Rf6 Ke7 55. Rf4 Ra2 56. Rh4 Ra3+ 57. Kc2 Ra6 58. Kb3 Kd7 59. Ra4 Rf6
60. Rb4 Ra6 1-0

[Event "4th Mediterreanean Men & Women Champions"]
[Site "Cannes"]
[Date "2007.02.18"]
[Round "2.14"]
[White "Cabrera Trujillo, Jorge"]
[Black "Lebel, Patrick"]
[Result "1/2-1/2"]
[WhiteElo "2279"]
[BlackElo "2165"]
[PlyCount "40"]
[EventDate "2007.??.??"]

1. e4 Nf6 2. e5 Nd5 3. d4 d6 4. exd6 exd6 5. c4 Nb6 6. Nc3 Be7 7. Be3 O-O 8.
Rc1 Bf5 9. Be2 Nc6 10. d5 Ne5 11. b3 Re8 12. f4 Bh4+ 13. g3 Nd3+ 14. Bxd3 Rxe3+
15. Be2 Bf6 16. Qd2 Qe7 17. Kf2 Rxc3 18. Rxc3 Bxc3 19. Qxc3 Re8 20. Qd2 Nd7
1/2-1/2

[Event "4th Mediterreanean Men & Women Champions"]
[Site "Cannes"]
[Date "2007.02.18"]
[Round "2.15"]
[White "Messina, Roberta"]
[Black "Van Hoolandt, Patrick"]
[Result "1-0"]
[WhiteElo "1834"]
[BlackElo "2257"]
[PlyCount "75"]
[EventDate "2007.??.??"]

1. e4 e5 2. Nf3 Nc6 3. d4 exd4 4. Nxd4 Nf6 5. Nxc6 bxc6 6. e5 Qe7 7. Qe2 Nd5 8.
c4 Nb6 9. f4 g6 10. b3 Bg7 11. Bb2 O-O 12. Nd2 d5 13. g3 Re8 14. Bg2 f6 15. Nf3
Bg4 16. O-O Qc5+ 17. Kh1 dxc4 18. bxc4 Na4 19. Bc1 fxe5 20. Be3 exf4 21. Bxc5
Rxe2 22. Bd4 Bxf3 23. Bxf3 Bxd4 24. Bxe2 Bxa1 25. Rxa1 fxg3 26. hxg3 Rf8 27.
Kg2 Nb6 28. Rd1 Rf5 29. Bg4 Re5 30. Rd4 c5 31. Rf4 g5 32. Rf6 Kg7 33. Rc6 Nxc4
34. Rxc7+ Kg6 35. Rc6+ Kg7 36. Rc7+ Kf8 37. Rxa7 Ne3+ 38. Kf3 {temps} 1-0